Kinetické stanovení glukosy soupravou Bio-La-Test Oxochrom GLUKOSA

Bibliographic Details
Main Authors: Roháček, J. (Author), Chromý, Vratislav, 1937- (Author), Kolářová, J. (Author)
Format: Article
Language:Slovak
Czech
PhysicalDescription:Grafy 6. Tb. 1. Res. rus., angl., nem., lit. 6 zázn. v češ.
Subjects:

MARC

LEADER 00000nab a2200000 a 4500
001 vtls000282999
003 SK-MaSNL
005 20260304050300.0
008 250422c1987 xo 0 slo
015 |a SNBRB19rr/mm-uuuuu 
035 |a CL0293117 
035 |a urn:nbn:sk:snk-abd0vb 
035 |a (urnnbn)urn:nbn:sk:snk:ar-007jbe 
035 |a (uuid)98ade873-ab00-447b-91c2-78262b95e654 
040 |a SNKBUCL  |b slo  |c SNKBUCL  |e AACR2 
041 0 |a cze 
044 |a xo  |c SK 
080 |a 547.455.623:543.86  |2 1981 
080 |a 543.86  |2 1981 
100 1 |a Roháček, J.  |4 aut  |9 628911 
245 1 0 |a Kinetické stanovení glukosy soupravou Bio-La-Test Oxochrom GLUKOSA  |c J. Roháček, V. Chromý, J. Kolářová 
300 |b Grafy 6. Tb. 1. Res. rus., angl., nem., lit. 6 zázn. v češ. 
650 0 7 |a glukóza  |2 snkbucl  |9 18190 
655 7 |a články z novín a časopisov  |2 snkbucl  |9 267496 
700 1 |a Chromý, Vratislav,  |d 1937-  |4 aut  |9 9166 
700 1 |a Kolářová, J.  |4 aut  |9 1139376 
773 0 |t Biochemia clinica bohemoslovaca  |g Roč. 16, č. 2 (1987), s. 183-188 
850 |a Slovenská národná knižnica 
852 |a Slovenská národná knižnica 
954 |a odborná, vedecká literatúra cudzojazyčná (svetová)  |2 lita 
958 |a article17 
958 |a NB 
958 |a RK 
958 |a CZ 
958 |a OND 
958 |a EUIPO 
992 |a RBX 
999 |c 2697514  |d 2699444